000 00922nac a22002051u 4500
008 100906t xxu||||| |||| 00| 0 eng d
020 _a8177225480
082 0 0 _a620.004202855
_bTIC
100 _aTickoo, Sham.
_918147
245 1 0 _aAutocad 2005 for Engineers & Designers /
_cSham Tickoo; Contributing authors Deepak Maini ... [et al.]
260 _aNew Delhi :
_bDreamtech,
_cc2004.
300 _a1 v. :
_bill. ;
_c23 cm.
500 _aIncludes index.
650 0 _aComputer graphics.
_918148
650 0 _aAutoCAD
_918149
700 _919763
_aMaini, Deepak
942 _cBB
_k620.004202855 TIC
_2ddc
999 _c591
_d591